000 00700nam a22002177a 4500
003 UA-OsUOA
001 82969
007 ta
008 20120327b un ||||| |||| 00| 0 ukr d
100 _aШуляр В.
090 _a82
_bШ95
942 _cSA
040 _aUA-OsUOA
_bukr
_cUA-OsUOA
_dUA-OsUOA
245 _aЕдукативні основи діяльності суб'єктів сучасного уроку літератури
300 _aС.23-27
955 _a0
041 _aukr
080 _a82
773 0 _w82966
_tУкраїнська мова і література в школі
_dК.
_d2012
_g1
650 7 _a82 Література. Літературознавство
_2UDC
999 _c369303
_d369303